Loading...
Selling to win: tested techniques for closing the sale
| Main Author: | |
|---|---|
| Format: | Printed Book |
| Language: | Undetermined |
| Published: |
New Delhi
Universal book stall
1990
|
| LEADER | 00558nam a2200145Ia 4500 | ||
|---|---|---|---|
| 008 | 161229s9999 xx 000 0 und d | ||
| 020 | |a 8185274959 | ||
| 082 | |a 658.85 RIC/SE | ||
| 100 | |a Richard Denny | ||
| 245 | |a Selling to win: tested techniques for closing the sale | ||
| 260 | |b Universal book stall |a New Delhi |c 1990 | ||
| 300 | |a 192 | ||
| 942 | |c BK | ||
| 999 | |c 153706 |d 153706 | ||
| 952 | |0 0 |1 0 |4 0 |6 658_850000000000000_RICSE |7 0 |9 152777 |a KAUCLV |b KAUCLV |d 2016-12-29 |g 30.00 |o 658.85 RIC/SE |p 905015 |r 2016-12-29 |w 2016-12-29 |y BK |z Book transferred from CCBM Library ,Acc.No:2148 | ||